01026nam a2200241Ia 4500003000900000008004100009020001800050040001600068080001500084111007000099245019800169260003700367300001600404490007200420650002700492650001700519650002100536700002700557710004400584942000700628999001700635952013200652IN-BaIIA211028s9999 xx 000 0 eng d a1-4020-1658-1 cIIA Library a523.9bERD aNATO Advanced Research WorkshopcHungaryd2002 Sept. 16-20930094 0aTurbulence, waves and instabilities in the solar plasmabproceedings of the NATO Advanced Research Workshop held in Lillafured, Hungary, 16-20 September 2002cedited by R. Erdelyi  aDordrechtbKluwer Academicc2004 axiii, 388p. aNATO science series: II. mathematics, physics and chemistry; v. 124 aSolar atmosphere94799 aSolar corona aTurbulence92672 aErdelyi, R. ed.930095 aNATO Advanced Research Workshop 930096 cBK c16258d16258 00104070aBANbKODcGENd2006-11-06eSH g9045.80l0o523.9/ERDp17180r2021-11-05v9045.80w2006-11-06yBKGRs. 9045.80